00485nam a2200193Ia 4500003000400000005001700004008004100021020001800062040000700080041000800087082002100095100003000116245003200146260005800178300001500236365001300251650001900264650000800283OSt20230405154342.0210423s2010 xx 000 0 und d a9788126907878 cAL aeng a346.086 TYAC223 aTYAGI (C L);TYAGI (Madhu) aInsurance: law and practice aNew DelhibAtlantic Publishers and Distributorsc2010 aiv,393bPB b295cINR aCommercial Law aLaw